Statistiken für Wortschatz Französisch - Obst und Gemüse

Klicken Sie hier um das Quiz zu spielen!

Allgemein

  • Dieses Quiz wurde 265 mal gespielt
  • Das Durchschnittsergebnis liegt bei 14 aus 24

Antwortstatistiken

FranzösischDeutsch% Korrekt
carotteKarotte
98%
pomme de terreKartoffel
98%
pommeApfel
95%
oignonZwiebel
94%
champignonPilz
89%
concombreGurke
77%
fraiseErdbeere
76%
pêchePfirsich
74%
framboiseHimbeere
70%
raisinTraube
65%
poireBirne
64%
aspergesSpargel
62%
ceriseKirsche
61%
chou-fleurBlumenkohl
55%
ailKnoblauch
53%
prunePflaume
51%
figueFeige
48%
cassisSchwarze Johannisbeere
48%
petit-poisErbse
39%
haricotBohne
37%
poivronPaprika
34%
mûreBrombeere
14%
courgeKürbis
13%
coingQuitte
8%

Verteilung der Resultate

Perzentil nach korrekt beantworteten Fragen

Anzahl Personen mit jedem Resultat

Ihre Resultats-Entwicklung

Sie haben dieses Quiz noch nicht gespielt